000
00281nam a2200097Ia 4500
008
160523s9999 xx 000 0 und d
245
_a
Game Theory Relaunched
245
_c
Edited by Hardy Hanappi
260
_c
2013
856
_u
http://www.intechopen.com/books/game-theory-relaunched
999
_c
294852
_d
294852